000 00793cam a2200229 a 4500
005 20160909090531.0
008 981119s1998 ck r 00010dspa d
020 _a9589421989
040 _ala
_cla
_dCO-BoIAVH
041 0 _aspa
044 _ack
082 0 4 _a363.70062
_bP43d
100 1 _aPerea Velásquez, Francisco Antonio
_eautor
245 1 0 _aDerecho y medio ambiente /
_cFrancisco Antonio Perea Velásquez.
260 _aMedellín :
_bBiblioteca Jurídica Dike,
_c1998.
300 _axvii, 403 páginas ;
_c23 x 17 cm.
650 2 6 _aPolítica ambiental
_zColombia
650 2 6 _aProtección ambiental
_xLegislación
_zColombia
650 2 6 _aControl ambiental
_zColombia
650 2 6 _aLegislación medioambiental
_zColombia
942 _2ddc
_cLIBRO
999 _c1077
_d1077